000 00445nam a2200181Ia 4500
008 230524s9999 xx 000 0 und d
020 _a9788183711463
082 _a621.382
_bANA
100 _aR Anandnatarajan
245 0 _aControl Systems Engineering
250 _a2ND
260 _aBHUBANESWAR
_bScitech
_c2008
300 _aXIV;7.91
500 _aQuantity Number: 5
650 _aElectrical
700 _a P.Ramesh Babu
942 _cBK
999 _c43609
_d43609